Ley 2002 IVA e IESPS /

Zapisane w:
Opis bibliograficzny
Korporacja: México
Format: Książka
Język:hiszpański
Wydane: México : ISEF, 2002, c2002
Wydanie:9a edición
Hasła przedmiotowe:
Etykiety: Dodaj etykietę
Nie ma etykietki, Dołącz pierwszą etykiete!

MARC

LEADER 00000nam^a2200000^a^4500
001 000131631
005 20250521000000.0
009 20260310095030.24
020 |a 968-676-240-X 
037 |a Acervo ITESO - Biblioteca 
041 |a ESP 
082 |a 343. 72055  |b MEX 2002 
110 |a México 
240 1 1 |a [Ley del Impuesto Especial sobre Productos y Servicios] 
240 1 1 |a [Ley del Impuesto al Valor Agregado] 
245 1 0 |a Ley 2002 IVA e IESPS / 
250 |a 9a edición 
264 4 |a México :  |b ISEF,  |c 2002, c2002 
300 |a 1 v. (varias paginaciones) 
336 |a texto  |b txt  |2 rdacontenido 
337 |a sin mediación  |b n  |2 rdamedio 
338 |a volumen  |b nc  |2 rdasoporte 
649 |a XX 
650 |a Impuestos al Valor Agregado -  |z México -  |x Leyes y Reglamentos 
650 |a Derecho Fiscal -  |z México -  |x Leyes y Reglamentos 
650 |a Derecho Financiero -  |z México 
650 |a Derecho Público -  |z México 
910 |a Fondo General 
920 |a Impresos - Libros 
930 |a Colección General 
905 |a 101 
901 |a 0500061546  |b IT1  |c ACC  |u 20250521 
901 |a 0500061549  |b IT1  |c ACC  |u 20250521 
902 |a https://opac.biblio.iteso.mx/vufind/Record/000131631